Maiores cidades da Oceania!!! - Statistics

Estatísticas Gerais
  • Esse quiz foi jogado 32 vezes
  • A pontuação média é 2 de 14
Estatísticas das Respostas
País Maior cidade % Correto
Austrália Sydney
96%
Palau Auckland
68%
Fiji Lautoka
4%
Tuvalu Alapi
0%
Kiribati Betio
0%
Nauru Denigomudo
0%
Ilhas Marshall Ebeye
0%
Ilhas Salomão Gizo
0%
Papua-Nova Guiné Lae
0%
Vanuatu Luganville
0%
Nova Zelândia Meyungs
0%
Tonga Neiafu
0%
Samoa Vaitele
0%
Estados Federados da Micronésia Weno
0%
Nenhum quiz correspondente encontrado
Distribuição das Pontuações
Porcentagem de Pessoas com Cada Pontuação
Percentil de Números Respondidos
Sua Pontuação Histórica
Você não jogou esse quiz